000 00855nam a22002177a 4500
005 20250407141557.0
008 250407b |||||||| |||| 00| 0 eng d
020 _a978-93-5518-172-5 (hbk)
037 _cTB
040 _aCRL
_cCRL
041 _2hin
_ahin
084 _aO152,3N52x R3
_qCRL
100 _aप्रकाश, उदय
245 _aअंतिम नींबू
260 _aनई दिल्ली, भारत:
_bवाणी प्रकाशन,
_c2023.
300 _a155पृ0
650 _aहिन्दी कहानी
650 _aहिन्दी साहित्य
942 _2CC
_cTB
_hO152,3N52x R3
_n0
999 _c1308489
_d1308489